Lilo e Stitch! (Registo nº 202832)

Detalhes MARC
000 -Etiqueta do registo
Valores 00703nam 22002293 4500
010 ## - Número ISBN
ISBN 978-972-20-8424-6
021 ## - Número do Depósito Legal
Código do país Portugal
Número 543738/25
100 ## - Dados gerais de processamento
Dados gerais 20260701d u||y0pory50 ba
200 ## - Titulo e menção de responsabilidade
Título próprio Lilo e Stitch!
Informação de outro título Surfar as ondas
Primeira menção de responsabilidade [Disney], escrito por Alli Brydon
Outras menções de responsabilidade ilustrado por Disney Storybook Art Team
205 ## - Menção da edição
Edição
210 ## - Publicação
Local de publicação Alfragide
Nome do editor Publicações Dom Quixote
Data de publicação 2025
215 ## - Descrição física 
Paginação / Volumes [28] p.
Outras indicações físicas il. ; encadernado
Dimensões 24 cm
225 ## - Colecção 
Título próprio da colecção Lilo e Stitch
Número de parte ou secção 3
606 ## - Nome comum usado como assunto
ID Autoridade 47
Palavra de ordem Literatura Infantil Americana
675 ## - CDU
Notação 821.111(73)-93
Edição PT
Língua por
700 ## - Autor principal (pessoa individual)
ID Autoridade 233
Apelido [Disney]
701 ## - Co-autor principal (pessoa individual)
ID Autoridade 17682
Apelido Brydon
Nome Alli
801 ## - Fonte de origem
País PT
Agência BMMN
Regras de catalogação RPC
830 ## - Notas gerais do catalogador
Criado por Isabel
990 ## - Elementos KOHA
Tipo de documento Livro
Exemplares
Situação do levantamento Biblioteca de origem Código de barras Cota Permissão de empréstimo Tipo de documento Forma de aquisição
  Biblioteca Municipal de Montemor-o-Novo 32353 821.111(73)-93 DIS|AIJ   Livro Oferta

Powered by Koha